[Event "Amager Aabne Klubmesterskab 2012"]
[Site "Sundbyoster"]
[Date "2012.02.07"]
[Round "3"]
[White "Petersen, Christian Skibsted"]
[Black "Petersen, Nils"]
[Result "0-1"]
[WhiteElo "1600"]
[BlackElo "1873"]
[PlyCount "70"]
[EventDate "2012.??.??"]

1. e4 c5 2. Nc3 Nc6 3. g3 g6 4. Bg2 Bg7 5. Nge2 d6 6. O-O e5 7. h3 Nge7 8. d3
Be6 9. Be3 Qd7 10. Kh2 O-O 11. f4 b6 12. Qd2 Rac8 13. Rae1 f6 14. g4 d5 15. f5
Bf7 16. fxg6 hxg6 17. exd5 Nxd5 18. Nxd5 Bxd5 19. Bxd5+ Qxd5 20. Nc3 Qd7 21.
Ne4 Ne7 22. Bh6 Nd5 23. Rf2 g5 24. Bxg7 Qxg7 25. Nd6 Rcd8 26. Nf5 Qh7 27. Rf3
Nf4 28. Qc3 Qb7 29. Rf2 Rd7 30. Qc4+ Kh8 31. h4 gxh4 32. Nxh4 Rg8 33. Kg3 Rdg7
34. Nf3 Rxg4+ 35. Kh2 Qh7+ 0-1

[Event "Amager Aabne Klubmesterskab 2012"]
[Site "Sundbyoster"]
[Date "2012.02.07"]
[Round "3"]
[White "Ree, Morten"]
[Black "Tronning, Mark Philip"]
[Result "1/2-1/2"]
[WhiteElo "1736"]
[BlackElo "1351"]
[PlyCount "39"]
[EventDate "2012.??.??"]

1. Nf3 Nf6 2. d4 d5 3. Bg5 e6 4. e3 Be7 5. c4 b6 6. Nc3 Bb7 7. Rc1 Nbd7 8. Be2
c5 9. O-O O-O 10. cxd5 Nxd5 11. Bxe7 Qxe7 12. a3 cxd4 13. exd4 Nxc3 14. Rxc3
Rac8 15. Qa4 Rxc3 16. bxc3 Bxf3 17. Bxf3 Nf6 18. Re1 Qc7 19. Re3 h6 20. Qb3
1/2-1/2

[Event "Amager Aabne Klubmesterskab 2012"]
[Site "Sundbyoster"]
[Date "2012.02.07"]
[Round "3"]
[White "Svensson, John Michael"]
[Black "Nielsen, Bjorn"]
[Result "1-0"]
[WhiteElo "1468"]
[BlackElo "1080"]
[PlyCount "75"]
[EventDate "2012.??.??"]

1. Nf3 Nc6 2. d4 d5 3. g3 g6 4. Bg2 Bg7 5. c3 e6 6. Bg5 Nge7 7. Nbd2 O-O 8. e4
dxe4 9. Nxe4 Qe8 10. O-O Bd7 11. Bh6 Bh8 12. Nc5 Na5 13. Ne5 Bc6 14. Bxf8 Bxe5
15. dxe5 Bxg2 16. Re1 Bh3 17. Bxe7 Qxe7 18. Ne4 Rd8 19. Qe2 b6 20. Rad1 Rc8 21.
Qe3 c5 22. Nf6+ Kg7 23. g4 Bxg4 24. Nxg4 Qh4 25. Qf3 Qg5 26. Rd7 Rf8 27. Qf6+
Qxf6 28. exf6+ Kh8 29. Nh6 Nc6 30. Nxf7+ Kg8 31. Red1 Rxf7 32. R1d6 Ne5 33.
Rd8+ Rf8 34. f4 Nf7 35. Rxf8+ Kxf8 36. Rd7 a5 37. Rb7 e5 38. Rb8+ 1-0

[Event "Amager Aabne Klubmesterskab 2012"]
[Site "Sundbyoster"]
[Date "2012.02.14"]
[Round "4"]
[White "Brorsen, Jacob Abildlund"]
[Black "Petersen, Nils"]
[Result "1-0"]
[WhiteElo "2101"]
[BlackElo "1873"]
[PlyCount "79"]
[EventDate "2012.??.??"]

1. d4 Nf6 2. Nf3 e6 3. g3 c5 4. Bg2 Nc6 5. O-O cxd4 6. Nxd4 Be7 7. c4 O-O 8.
Nc3 a6 9. Nc2 Qc7 10. Ne3 Rb8 11. a4 Na5 12. Qd3 Nb3 13. Ncd5 exd5 14. Qxb3
dxc4 15. Qxc4 Qxc4 16. Nxc4 d6 17. Rd1 Rd8 18. Bf4 Ne8 19. a5 Be6 20. Nb6 g5
21. Be3 Nc7 22. Rac1 Nb5 23. Be4 Bf6 24. Rd2 h6 25. Kg2 Bg7 26. f4 f6 27. f5
Bf7 28. Rdc2 Re8 29. Rc8 Rbxc8 30. Rxc8 Rxc8 31. Nxc8 d5 32. Ne7+ Kf8 33. Nxd5
Ke8 34. Bc5 Kd7 35. Nb6+ Kc7 36. Kf3 Be8 37. Nd5+ Kc6 38. Be7 Nd4+ 39. Kf2 Kb5
40. Nc7+ 1-0

[Event "Amager Aabne Klubmesterskab 2012"]
[Site "Sundbyoster"]
[Date "2012.03.13"]
[Round "4"]
[White "Emborg, Jens"]
[Black "Jensen, Thore Nyboe"]
[Result "0-1"]
[WhiteElo "1476"]
[BlackElo "1990"]
[PlyCount "56"]
[EventDate "2012.??.??"]

1. e4 c5 2. Nf3 d6 3. d4 cxd4 4. Nxd4 Nf6 5. Nc3 g6 6. Be2 Bg7 7. Be3 a6 8. O-O
O-O 9. Qd2 Ng4 10. Bxg4 Bxg4 11. f3 Bd7 12. Rfd1 Nc6 13. Nxc6 bxc6 14. Bd4 Rb8
15. Bxg7 Kxg7 16. b3 Qa5 17. Qd4+ f6 18. a3 Be6 19. b4 Qc7 20. Qf2 Rb7 21. Rd2
a5 22. Rd4 Rfb8 23. Qd2 c5 24. bxc5 Qxc5 25. a4 Rb2 26. Rc1 R8b4 27. Nb5 Rxa4
28. Qc3 Qxc3 0-1

[Event "Amager Aabne Klubmesterskab 2012"]
[Site "Sundbyoster"]
[Date "2012.02.14"]
[Round "4"]
[White "Foss, Kim"]
[Black "Brorsen, Kristian"]
[Result "1-0"]
[WhiteElo "1472"]
[BlackElo "1263"]
[PlyCount "44"]
[EventDate "2012.??.??"]

1. b4 e5 2. Bb2 Nc6 3. b5 Nd4 4. e3 Ne6 5. Bxe5 Be7 6. Nf3 Nh6 7. c4 O-O 8. Be2
d6 9. Bb2 a6 10. a4 axb5 11. axb5 Rxa1 12. Bxa1 Ng4 13. O-O d5 14. Nc3 dxc4 15.
Bxc4 Ng5 16. Nxg5 Bxg5 17. Ne4 Re8 18. Qf3 Rf8 19. h3 Nh6 20. Qg3 Be6 21. Bxe6
fxe6 22. Qxg5 Qd7 1-0

[Event "Amager Aabne Klubmesterskab 2012"]
[Site "Sundbyoster"]
[Date "2012.02.14"]
[Round "4"]
[White "Gade, Jens"]
[Black "Larsen, Ulrik Jejlskov"]
[Result "0-1"]
[WhiteElo "1474"]
[BlackElo "1544"]
[PlyCount "76"]
[EventDate "2012.??.??"]

1. f4 e5 2. fxe5 d6 3. exd6 Bxd6 4. Nf3 g5 5. g3 g4 6. Nh4 Ne7 7. d4 Ng6 8.
Nxg6 hxg6 9. Qd3 Nc6 10. c3 Qe7 11. Bg2 Bd7 12. e4 O-O-O 13. Be3 f6 14. Nd2 Rh5
15. Nc4 Rdh8 16. Nxd6+ Qxd6 17. Bf4 Qe7 18. O-O-O Rxh2 19. Rhg1 Qf7 20. d5 Ne5
21. Bxe5 fxe5 22. Rdf1 Qe7 23. Qe3 Kb8 24. Qf2 Bb5 25. Rd1 Rf8 26. Qe3 Qf6 27.
Rd2 Qa6 28. Qc5 Rhh8 29. a3 Rf6 30. Qe3 Rhf8 31. Qg5 Qb6 32. Rgd1 Ba4 33. Re1
Rf2 34. Qxg4 Rxd2 35. Kxd2 Qf2+ 36. Re2 Qg1 37. Bh3 Qd1+ 38. Ke3 Bb5 0-1

[Event "Amager Aabne Klubmesterskab 2012"]
[Site "Sundbyoster"]
[Date "2012.02.14"]
[Round "4"]
[White "Jensen, Jonbert"]
[Black "Kinch, Peder"]
[Result "1-0"]
[WhiteElo "1402"]
[BlackElo "1191"]
[PlyCount "83"]
[EventDate "2012.??.??"]

1. e4 e5 2. Nf3 Nc6 3. Bc4 Bc5 4. O-O Nf6 5. Nc3 d6 6. h3 a6 7. a3 b5 8. Bd5
Bb7 9. d3 Nxd5 10. Nxd5 Ne7 11. b4 Ba7 12. Ne3 Bc8 13. Nh4 O-O 14. Kh1 f5 15.
exf5 Bxe3 16. fxe3 Nxf5 17. Nxf5 Rxf5 18. Bd2 Qg5 19. Qe2 Bb7 20. Rxf5 Qxf5 21.
e4 Qg6 22. Rf1 Rf8 23. Rf2 Qe6 24. Rxf8+ Kxf8 25. Qf3+ Qf6 26. Qxf6+ gxf6 27.
g4 Kf7 28. Kg2 d5 29. Kf3 Ke6 30. g5 dxe4+ 31. dxe4 f5 32. c3 Bxe4+ 33. Ke3 Kd5
34. h4 f4+ 35. Ke2 c5 36. h5 cxb4 37. axb4 Ke6 38. Be1 Kf7 39. Bf2 Ke6 40. Kf1
Kf5 41. g6 hxg6 42. h6 1-0

[Event "Amager Aabne Klubmesterskab 2012"]
[Site "Sundbyoster"]
[Date "2012.02.14"]
[Round "4"]
[White "Lontoft, Sven"]
[Black "Petersen, Christian Skibsted"]
[Result "1-0"]
[WhiteElo "1693"]
[BlackElo "1600"]
[PlyCount "75"]
[EventDate "2012.??.??"]

1. e4 d6 2. d4 Nf6 3. Nc3 g6 4. Nf3 Bg7 5. Be2 O-O 6. O-O Nbd7 7. Bg5 h6 8. Bh4
Nb6 9. Qd2 Bg4 10. Rad1 Nfd7 11. Rfe1 g5 12. Bg3 e6 13. h3 Bh5 14. Nh2 Bxe2 15.
Qxe2 f5 16. exf5 exf5 17. f4 Qf6 18. Nf3 Rfe8 19. Qd2 g4 20. hxg4 fxg4 21. Bh4
Qf7 22. Nh2 h5 23. b3 d5 24. Nf1 Nf8 25. Ng3 Bh6 26. Bg5 Bxg5 27. fxg5 Ne6 28.
Re5 Ng7 29. Rf1 Qd7 30. g6 Rxe5 31. dxe5 Rf8 32. Rxf8+ Kxf8 33. Qh6 Qe6 34.
Nxh5 Qg8 35. Nf6 Qe6 36. Qh8+ Ke7 37. Qxg7+ Kd8 38. Qf8+ 1-0

[Event "Amager Aabne Klubmesterskab 2012"]
[Site "Sundbyoster"]
[Date "2012.03.13"]
[Round "4"]
[White "Larsen, Kim"]
[Black "Hansen, Benny"]
[Result "1/2-1/2"]
[WhiteElo "1609"]
[BlackElo "1479"]
[PlyCount "79"]
[EventDate "2012.??.??"]

1. e4 c5 2. Nf3 d6 3. c3 Nf6 4. Qc2 g6 5. d4 a6 6. Bg5 Bg7 7. Be2 cxd4 8. cxd4
O-O 9. Nbd2 b5 10. O-O Bb7 11. a4 bxa4 12. Rxa4 Nc6 13. Bc4 Qd7 14. Qd3 a5 15.
Bb5 Rfc8 16. d5 Qc7 17. dxc6 Bxc6 18. Bxc6 Qxc6 19. Rc4 Qb7 20. b3 Rxc4 21.
Nxc4 Nxe4 22. Be3 d5 23. Ncd2 Rc8 24. Bd4 Nxd2 25. Nxd2 e5 26. Bxe5 Bxe5 27.
Nf3 Rc3 28. Qd2 Qc7 29. Qxd5 Bf6 30. Rd1 Qb6 31. Nd2 Rc2 32. Ne4 Bd4 33. h3
Bxf2+ 34. Kh1 Bh4 35. Nd6 Qf2 36. Nb7 Re2 37. Qf3 Re1+ 38. Rxe1 Qxe1+ 39. Kh2
Qe5+ 40. g3 1/2-1/2

[Event "Amager Aabne Klubmesterskab 2012"]
[Site "Sundbyoster"]
[Date "2012.03.13"]
[Round "4"]
[White "Madsen, Palle S"]
[Black "Wieth Klitgaard, Peter"]
[Result "0-1"]
[WhiteElo "1771"]
[BlackElo "2028"]
[PlyCount "66"]
[EventDate "2012.??.??"]

1. d4 Nc6 2. d5 Ne5 3. e4 e6 4. dxe6 fxe6 5. f4 Nc6 6. Bd3 b6 7. Be3 Bb7 8. Nf3
Nb4 9. O-O Nxd3 10. cxd3 Nf6 11. Kh1 Bc5 12. Qe2 Bxe3 13. Qxe3 Qe7 14. Nbd2 O-O
15. Nd4 c5 16. Ne2 d5 17. h3 dxe4 18. Nxe4 Nd5 19. Qg3 Rad8 20. a3 Rf5 21. b3
Nf6 22. N2c3 Nh5 23. Qg4 Rxd3 24. Rae1 Nf6 25. Nxf6+ Rxf6 26. Ne4 Rg6 27. Qe2
Qd7 28. f5 exf5 29. Nf2 Bxg2+ 30. Kg1 Bf3+ 31. Kh2 Rg2+ 32. Kh1 Rxf2+ 33. Qxf3
Rfxf3 0-1

[Event "Amager Aabne Klubmesterskab 2012"]
[Site "Sundbyoster"]
[Date "2012.02.14"]
[Round "4"]
[White "Nielsen, Jens Holm"]
[Black "Petersen, Steffen"]
[Result "1/2-1/2"]
[WhiteElo "1748"]
[BlackElo "1693"]
[PlyCount "65"]
[EventDate "2012.??.??"]

1. Nc3 Nf6 2. Nf3 g6 3. e4 d6 4. d3 Bg7 5. Bg5 O-O 6. Qd2 Nc6 7. O-O-O Bg4 8.
Ne2 a5 9. h3 Bxf3 10. gxf3 Re8 11. h4 Nb4 12. Kb1 c5 13. c3 Nc6 14. Ng3 h5 15.
f4 b5 16. f5 Kh7 17. Bh3 b4 18. fxg6+ fxg6 19. c4 Nd4 20. Ne2 e5 21. Nxd4 cxd4
22. f4 exf4 23. Rdf1 Qc7 24. Rxf4 Ng8 25. Rhf1 Rf8 26. Be6 Nh6 27. Rxf8 Rxf8
28. Rxf8 Bxf8 29. Qf4 Bg7 30. Bf6 Ng8 31. Bg5 Nh6 32. Bf6 Ng8 33. Bg5 1/2-1/2

[Event "Amager Aabne Klubmesterskab 2012"]
[Site "Sundbyoster"]
[Date "2012.02.14"]
[Round "4"]
[White "Svensson, John Michael"]
[Black "Ree, Morten"]
[Result "0-1"]
[WhiteElo "1468"]
[BlackElo "1736"]
[PlyCount "85"]
[EventDate "2012.??.??"]

1. Nf3 d6 2. d4 g6 3. e3 Bg7 4. Nbd2 Nd7 5. Bc4 Ngf6 6. O-O O-O 7. e4 e5 8. c3
c6 9. Qc2 b5 10. Bd3 Bb7 11. Re1 Rc8 12. Qd1 Re8 13. Nf1 a6 14. Ng3 c5 15. d5
c4 16. Bc2 Nc5 17. h3 Qc7 18. Re2 a5 19. Be3 Ba6 20. Bxc5 Qxc5 21. a3 Bh6 22.
Nf1 Rc7 23. Ne3 Bc8 24. Nh2 Bf4 25. Nhf1 Qa7 26. Qd2 Rc5 27. Ng3 Qe7 28. Qe1 h5
29. Qf1 Nh7 30. Nh1 Qg5 31. g3 h4 32. g4 Rc7 33. Ng2 f5 34. exf5 gxf5 35. Nxf4
Qxf4 36. f3 Rg7 37. Rg2 Ng5 38. Nf2 Nxf3+ 39. Kh1 fxg4 40. Bd1 Rf8 41. Bxf3
Qxf3 42. Kg1 g3 43. Qb1 0-1

[Event "Amager Aabne Klubmesterskab 2012"]
[Site "Sundbyoster"]
[Date "2012.02.14"]
[Round "4"]
[White "Tronning, Mark Philip"]
[Black "Lunding, Peter M"]
[Result "0-1"]
[WhiteElo "1351"]
[BlackElo "1945"]
[PlyCount "48"]
[EventDate "2012.??.??"]

1. e4 e6 2. d4 d5 3. exd5 exd5 4. Nf3 Bd6 5. Nc3 Ne7 6. h3 a6 7. a4 Nbc6 8. Bd3
Nb4 9. Na2 Nxd3+ 10. Qxd3 Bf5 11. Qe2 O-O 12. Be3 Re8 13. O-O Ng6 14. Qd2 Qd7
15. h4 h5 16. b3 Bg4 17. Nh2 Bxh2+ 18. Kxh2 Qd6+ 19. g3 Nxh4 20. Qb4 Qf6 21.
Qxb7 Qf3 22. Rg1 Rxe3 23. Qxa8+ Kh7 24. Raf1 Re2 0-1

[Event "Amager Aabne Klubmesterskab 2012"]
[Site "Sundbyoster"]
[Date "2012.03.13"]
[Round "4"]
[White "Vandborg, Soren"]
[Black "Andersen, Ole Bo"]
[Result "0-1"]
[WhiteElo "1400"]
[BlackElo "2053"]
[PlyCount "84"]
[EventDate "2012.??.??"]

1. e4 Nf6 2. Nf3 Nxe4 3. Bd3 Nf6 4. O-O g6 5. a3 Bg7 6. Nc3 b6 7. Re1 O-O 8.
Be2 Bb7 9. d3 d6 10. Be3 Nbd7 11. Nh4 Nd5 12. Nxd5 Bxd5 13. d4 Bb7 14. Bf3 Qc8
15. Bxb7 Qxb7 16. Rb1 e5 17. Nf3 Rae8 18. dxe5 Nxe5 19. Nxe5 Rxe5 20. Rf1 Rfe8
21. Qf3 Qxf3 22. gxf3 Rd5 23. c3 h5 24. h4 Kh7 25. Kg2 Bh6 26. Bd4 c5 27. Bf6
Rf5 28. Bg5 Bxg5 29. hxg5 Rxg5+ 30. Kh3 Rf5 31. Rbd1 d5 32. Kg2 Re2 33. Rfe1
Rxb2 34. Re7 a5 35. Rde1 Rb3 36. Rb7 Rxc3 37. Rb1 Rcxf3 38. Rf1 h4 39. Rxb6 h3+
40. Kh2 Rxf2+ 41. Rxf2 Rxf2+ 42. Kxh3 Rf3+ 0-1

[Event "Amager Aabne Klubmesterskab 2012"]
[Site "Sundbyoster"]
[Date "2012.02.28"]
[Round "5"]
[White "Brorsen, Kristian"]
[Black "Jensen, Jonbert"]
[Result "1-0"]
[WhiteElo "1263"]
[BlackElo "1402"]
[PlyCount "107"]
[EventDate "2012.??.??"]

1. d4 Nf6 2. g3 g6 3. Bg2 Bg7 4. Nc3 O-O 5. Nf3 c6 6. O-O d5 7. Re1 Nbd7 8. Bg5
Ne4 9. Nxe4 dxe4 10. Nd2 Bxd4 11. c3 Bg7 12. Nxe4 f6 13. Qb3+ Kh8 14. Be3 Qc7
15. Rad1 Ne5 16. Rd2 Ng4 17. Bc5 b6 18. Ba3 Qe5 19. f4 Qc7 20. e3 c5 21. Nxc5
Rb8 22. Ne6 Bxe6 23. Qxe6 Nh6 24. Qxe7 Qxe7 25. Bxe7 Rfe8 26. Ba3 Nf5 27. Kf2
Rbd8 28. Rxd8 Rxd8 29. e4 Nh6 30. h3 Nf7 31. Bf1 Nd6 32. Kf3 f5 33. exf5 Nxf5
34. g4 Nh6 35. Bb5 Kg8 36. Re8+ Rxe8 37. Bxe8 Bf8 38. Bxf8 Kxf8 39. Bc6 Ng8 40.
g5 Ne7 41. Be4 Kf7 42. Kg4 Ke6 43. c4 Nc8 44. h4 Nd6 45. Bd5+ Ke7 46. h5 Nf5
47. Bg8 Ne3+ 48. Kf3 Nd1 49. b3 Nc3 50. a4 Nb1 51. Ke3 h6 52. gxh6 Kf8 53. h7
Kg7 54. hxg6 1-0

[Event "Amager Aabne Klubmesterskab 2012"]
[Site "Sundbyoster"]
[Date "2012.02.28"]
[Round "5"]
[White "Foss, Kim"]
[Black "Vandborg, Soren"]
[Result "1-0"]
[WhiteElo "1472"]
[BlackElo "1400"]
[PlyCount "71"]
[EventDate "2012.??.??"]

1. b4 d5 2. Bb2 Nf6 3. e3 a6 4. c4 e6 5. cxd5 Nxd5 6. a3 Bd7 7. Nf3 f6 8. e4
Nb6 9. d4 Na4 10. Bc3 Nxc3 11. Nxc3 g6 12. Bc4 b5 13. Be2 c6 14. O-O Bc8 15.
Qb3 h5 16. Rfd1 Kf7 17. Rac1 Qc7 18. d5 c5 19. bxc5 Bxc5 20. dxe6+ Bxe6 21. Nd5
Qa7 22. Kf1 h4 23. Qc3 Bxd5 24. Rxd5 Be7 25. Ng5+ Kg7 26. Ne6+ Kh7 27. Qc7 Kh6
28. Qf4+ g5 29. Qg4 Kg6 30. Rc7 Rc8 31. Rxa7 Rxa7 32. Nf8+ Kf7 33. Qxc8 Bxf8
34. Qxb8 Re7 35. Rd8 Bg7 36. Bh5+ 1-0

[Event "Amager Aabne Klubmesterskab 2012"]
[Site "Sundbyoster"]
[Date "2012.02.28"]
[Round "5"]
[White "Hansen, Benny"]
[Black "Svensson, John Michael"]
[Result "0-1"]
[WhiteElo "1479"]
[BlackElo "1468"]
[PlyCount "68"]
[EventDate "2012.??.??"]

1. d4 Nf6 2. Nf3 c5 3. c3 e6 4. Bg5 cxd4 5. Nxd4 Be7 6. Nd2 Nc6 7. e3 Qa5 8.
Bxf6 Bxf6 9. Ne4 Be7 10. Bd3 d5 11. Ng3 O-O 12. O-O g6 13. Qg4 Ne5 14. Qe2 Bd7
15. Rfd1 Bf6 16. Nh5 gxh5 17. Qxh5 Nxd3 18. Rxd3 Bg7 19. e4 f6 20. Rh3 h6 21.
Rg3 Rf7 22. Qxh6 dxe4 23. Qh4 e5 24. Nc2 f5 25. f4 Qb6+ 26. Ne3 exf4 27. Qxf4
Qxb2 28. Rd1 Qxc3 29. h3 Qc5 30. Kh2 Raf8 31. Qg5 Qe7 32. Qf4 Rc8 33. Rd6 Rc6
34. Nd5 Qxd6 0-1

[Event "Amager Aabne Klubmesterskab 2012"]
[Site "Sundbyoster"]
[Date "2012.02.28"]
[Round "5"]
[White "Kinch, Peder"]
[Black "Larsen, Kim"]
[Result "0-1"]
[WhiteElo "1191"]
[BlackElo "1609"]
[PlyCount "78"]
[EventDate "2012.??.??"]

1. f4 d5 2. Nf3 c5 3. e3 Nc6 4. b3 Nf6 5. Bb2 e6 6. h3 Bd6 7. d3 Qc7 8. Nbd2 b6
9. Rc1 O-O 10. Bxf6 gxf6 11. c3 f5 12. d4 cxd4 13. cxd4 f6 14. Bb5 Bd7 15. g4
a6 16. Bd3 Kh8 17. g5 Bxf4 18. exf4 Qxf4 19. gxf6 Rxf6 20. Rg1 Nxd4 21. Nxd4
Qxd4 22. Nf3 Qe3+ 23. Be2 Rg6 24. Rxg6 hxg6 25. Rc7 Rd8 26. Qd4+ Qxd4 27. Nxd4
e5 28. Nc6 Bxc6 29. Rxc6 Kg7 30. Rxb6 d4 31. Bc4 e4 32. Re6 Kh6 33. Kd2 Kg5 34.
h4+ Kf4 35. Rxg6 Rh8 36. Rg2 Rxh4 37. Rf2+ Ke5 38. Rf1 Rh2+ 39. Ke1 Rxa2 0-1

[Event "Amager Aabne Klubmesterskab 2012"]
[Site "Sundbyoster"]
[Date "2012.02.27"]
[Round "5"]
[White "Lontoft, Sven"]
[Black "Brorsen, Jacob Abildlund"]
[Result "1/2-1/2"]
[WhiteElo "1693"]
[BlackElo "2101"]
[PlyCount "96"]
[EventDate "2012.??.??"]

1. e4 c5 2. Nf3 d6 3. d4 cxd4 4. Nxd4 Nf6 5. Nc3 a6 6. Be3 e6 7. Be2 b5 8. Bf3
b4 9. Nce2 e5 10. Nf5 d5 11. Bg5 Be6 12. Neg3 d4 13. Nh5 Rg8 14. Nh6 Rh8 15.
Nf5 Bxf5 16. exf5 Ra7 17. Nxf6+ gxf6 18. Bd2 Nd7 19. c3 Qb6 20. O-O Bc5 21. Rc1
Ke7 22. cxb4 Bxb4 23. Rc6 Qb5 24. Bxb4+ Qxb4 25. Qc2 a5 26. Rc4 Qb5 27. Re1 Rb8
28. b3 Qb6 29. Qd2 Kd8 30. Qh6 Rc7 31. Rxc7 Qxc7 32. Rc1 Qd6 33. Qxh7 d3 34.
Qxf7 d2 35. Rd1 Rc8 36. h4 Rc1 37. g3 e4 38. Be2 Qc5 39. Qg8+ Kc7 40. Qg4 Qc2
41. Kg2 Kb6 42. Qf4 Rxd1 43. Qd6+ Ka7 44. Qxd7+ Kb8 45. Qd8+ Ka7 46. Qd4+ Kb7
47. Bxd1 Qxd1 48. Qd5+ Ka7 1/2-1/2

[Event "Amager Aabne Klubmesterskab 2012"]
[Site "Sundbyoster"]
[Date "2012.02.28"]
[Round "5"]
[White "Larsen, Ulrik Jejlskov"]
[Black "Petersen, Nils"]
[Result "0-1"]
[WhiteElo "1544"]
[BlackElo "1873"]
[PlyCount "126"]
[EventDate "2012.??.??"]

1. d4 Nf6 2. Nf3 e6 3. e3 c5 4. Bd3 b6 5. Nbd2 Bb7 6. Qe2 Be7 7. O-O O-O 8.
dxc5 bxc5 9. e4 d6 10. e5 dxe5 11. Nxe5 Nbd7 12. Ndf3 Nxe5 13. Nxe5 Qd5 14. f4
Qd8 15. c4 g6 16. b3 Qc7 17. Bb2 Rad8 18. Rad1 Qc8 19. Ng4 Nxg4 20. Qxg4 f5 21.
Qe2 Bf6 22. Bxf6 Rxf6 23. Qe5 Rff8 24. Rfe1 Kf7 25. Bf1 Qc6 26. Qb2 Rd6 27.
Rxd6 Qxd6 28. Qe5 Qxe5 29. Rxe5 Rc8 30. g3 Ke7 31. Bg2 Bxg2 32. Kxg2 Kd6 33.
Kf3 g5 34. Re2 gxf4 35. Kxf4 Rg8 36. Rd2+ Ke7 37. Ke5 Rg4 38. Re2 a5 39. Re3 h5
40. h3 Rd4 41. a4 h4 42. g4 fxg4 43. hxg4 Rxg4 44. Rh3 Rg5+ 45. Kf4 Rh5 46. Kg4
Rh8 47. Kf4 Kf6 48. Ke4 Rh6 49. Rf3+ Kg5 50. Ke5 Kg4 51. Rf1 h3 52. Kd6 h2 53.
Rh1 Kg3 54. Kxc5 Kg2 55. Re1 h1=Q 56. Rxh1 Rxh1 57. Kd6 Re1 58. c5 e5 59. c6 e4
60. Kd5 Kf3 61. b4 axb4 62. a5 Ra1 63. c7 Rxa5+ 0-1

[Event "Amager Aabne Klubmesterskab 2012"]
[Site "Sundbyoster"]
[Date "2012.02.28"]
[Round "5"]
[White "Madsen, Palle S"]
[Black "Nielsen, Jens Holm"]
[Result "0-1"]
[WhiteElo "1771"]
[BlackElo "1748"]
[PlyCount "90"]
[EventDate "2012.??.??"]

1. e4 e5 2. d4 exd4 3. Nf3 Nc6 4. Bc4 Nf6 5. Ng5 Ne5 6. Qxd4 d6 7. Bb3 c5 8.
Qc3 h6 9. f4 hxg5 10. fxe5 dxe5 11. Qxe5+ Qe7 12. Qxe7+ Bxe7 13. Nc3 Bd7 14.
Bxg5 Rh5 15. Bf4 b5 16. Bd5 Nxd5 17. Nxd5 Bd8 18. O-O Rc8 19. c3 Be6 20. Rad1
c4 21. Be3 Bg4 22. Rde1 Rc6 23. Nf4 Rh7 24. h3 Bc8 25. Rf3 g5 26. Nd5 Rch6 27.
Rf5 Bxf5 28. exf5 Kd7 29. Bxa7 Ra6 30. Bc5 g4 31. Rd1 Kc8 32. Be7 Rh8 33. Nb4
Bb6+ 34. Kf1 Ra7 35. Bf6 gxh3 36. gxh3 Rg8 37. Bd4 Bxd4 38. Rxd4 Rd7 39. Nd5
Kb7 40. Ne3 Rxd4 41. cxd4 Rg3 42. Ke2 Rxh3 43. a4 Rh2+ 44. Kf3 Rxb2 45. axb5 c3
0-1

[Event "Amager Aabne Klubmesterskab 2012"]
[Site "Sundbyoster"]
[Date "2012.02.28"]
[Round "5"]
[White "Nielsen, Bjorn"]
[Black "Jensen, Thore Nyboe"]
[Result "0-1"]
[WhiteElo "1080"]
[BlackElo "1990"]
[PlyCount "54"]
[EventDate "2012.??.??"]

1. e4 c5 2. Nf3 d6 3. Bb5+ Nd7 4. O-O a6 5. Bc4 g6 6. Nc3 Bg7 7. Ne2 Ngf6 8. d4
Nb6 9. Bd3 c4 10. e5 cxd3 11. Qxd3 Bf5 12. Qd1 Nfd5 13. exd6 Qxd6 14. c3 O-O
15. b3 Nd7 16. Ng3 Nxc3 17. Nxf5 gxf5 18. Qc2 Ne4 19. Bb2 Rac8 20. Qe2 Rc6 21.
Rfd1 Rfc8 22. Rac1 Rxc1 23. Bxc1 Nc3 24. Qe1 Nxd1 25. Qxd1 Qc6 26. g3 Qxc1 27.
Qxc1 Rxc1+ 0-1

[Event "Amager Aabne Klubmesterskab 2012"]
[Site "Sundbyoster"]
[Date "2012.02.28"]
[Round "5"]
[White "Petersen, Christian Skibsted"]
[Black "Gade, Jens"]
[Result "0-1"]
[WhiteElo "1600"]
[BlackElo "1474"]
[PlyCount "94"]
[EventDate "2012.??.??"]

1. e4 c5 2. Nc3 d6 3. g3 Nf6 4. Bg2 Nc6 5. f4 e6 6. Nf3 Be7 7. d3 O-O 8. O-O
Rb8 9. Bd2 b5 10. a3 a6 11. h3 Kh8 12. g4 e5 13. f5 Nd4 14. Ne2 Rg8 15. c3
Nxf3+ 16. Bxf3 Ne8 17. Qb3 f6 18. a4 Nc7 19. h4 Bd7 20. Qc2 bxa4 21. c4 Rb3 22.
Nc1 Rb8 23. Ra3 Rb7 24. Ne2 Qb8 25. Rb1 Rb3 26. Nc3 Qe8 27. Rxb3 axb3 28. Qxb3
Qb8 29. Qc2 Qb7 30. g5 Rb8 31. Bc1 Bxf5 32. Qf2 Bd7 33. Bh5 g6 34. gxf6 Rf8 35.
f7 Be6 36. Bxg6 hxg6 37. Qe3 Rxf7 38. h5 g5 39. Qg3 Qc8 40. b4 cxb4 41. Rxb4
Qf8 42. Be3 Rf3 43. Qe1 g4 44. Rb2 Qf6 45. Rb7 Ne8 46. Rb8 Qf7 47. d4 Bxc4 0-1

[Event "Amager Aabne Klubmesterskab 2012"]
[Site "Sundbyoster"]
[Date "2012.02.28"]
[Round "5"]
[White "Ree, Morten"]
[Black "Lunding, Peter M"]
[Result "0-1"]
[WhiteElo "1736"]
[BlackElo "1945"]
[PlyCount "74"]
[EventDate "2012.??.??"]

1. Nf3 d5 2. g3 Nf6 3. Bg2 c6 4. O-O Bg4 5. d3 e6 6. Nbd2 Bc5 7. e4 dxe4 8.
dxe4 Nbd7 9. Qe2 e5 10. a4 a5 11. Nc4 Qe7 12. h3 Bh5 13. g4 Bg6 14. Bg5 Qe6 15.
Nh4 O-O 16. Rfe1 h6 17. Bd2 b6 18. Nf5 Rfe8 19. Rad1 Red8 20. Bc3 Ne8 21. Rd2
b5 22. axb5 cxb5 23. Rxd7 Qxd7 24. Nxe5 Qc7 25. Qxb5 Bb4 26. Bxb4 axb4 27. Qxb4
Qxe5 28. Ne7+ Kh7 29. Nc6 Qd6 30. Qb5 Rdc8 31. e5 Qd2 32. Rf1 Nc7 33. Qb7 Qxc2
34. b4 Be4 35. Nd4 Bxb7 36. Nxc2 Bxg2 37. Kxg2 Nd5 0-1

[Event "Amager Aabne Klubmesterskab 2012"]
[Site "Sundbyoster"]
[Date "2012.02.28"]
[Round "5"]
[White "Wieth Klitgaard, Peter"]
[Black "Petersen, Steffen"]
[Result "1/2-1/2"]
[WhiteElo "2028"]
[BlackElo "1693"]
[PlyCount "40"]
[EventDate "2012.??.??"]

1. e4 e5 2. Nf3 Nc6 3. Bc4 Be7 4. d4 d6 5. d5 Nb8 6. Bd3 Nf6 7. c4 Nbd7 8. Nc3
O-O 9. Bc2 a5 10. Qe2 Nc5 11. O-O Bg4 12. h3 Bh5 13. Be3 Nfd7 14. g4 Bg6 15. b3
b6 16. a3 h5 17. b4 hxg4 18. hxg4 Nb7 19. Kg2 Nf6 20. Nd2 Nh7 1/2-1/2

[Event "Amager Aabne Klubmesterskab 2012"]
[Site "Sundbyoster"]
[Date "2012.03.06"]
[Round "6"]
[White "Andersen, Ole Bo"]
[Black "Petersen, Steffen"]
[Result "1-0"]
[WhiteElo "2053"]
[BlackElo "1693"]
[PlyCount "105"]
[EventDate "2012.??.??"]

1. d4 Nf6 2. c4 e5 3. dxe5 Ng4 4. Nf3 Bc5 5. e3 Nc6 6. Be2 Ngxe5 7. Nxe5 Nxe5
8. O-O O-O 9. Nc3 a5 10. Ne4 Be7 11. b3 d6 12. Bb2 Bf5 13. Ng3 Bd7 14. Qc2 Bc6
15. Nh5 f6 16. f4 Nd7 17. Bd3 h6 18. Bh7+ Kh8 19. Qg6 Rg8 20. Bxg8 Qxg8 21. Ng3
Nf8 22. Qd3 d5 23. cxd5 Qxd5 24. Qxd5 Bxd5 25. Rac1 Bc6 26. Nf5 Re8 27. Rfd1
Ne6 28. Nxe7 Rxe7 29. Ba3 Re8 30. Kf2 g5 31. f5 Nd8 32. Bb2 Kg7 33. Rc5 Nf7 34.
g4 Nd6 35. Rxc6 bxc6 36. Rc1 c5 37. Kf3 Nb7 38. Rd1 Nd6 39. Ba3 Re5 40. Bb2 Re7
41. Rd5 Ne4 42. Ba3 c6 43. Rd8 Re5 44. Rd7+ Kg8 45. Rc7 c4 46. Rxc6 cxb3 47.
axb3 Nd2+ 48. Ke2 Nxb3 49. Rxf6 Kh7 50. Rf8 Kg7 51. Ra8 Rd5 52. Ra7+ Kg8 53. f6
1-0